| 000 | 00366cam a2200145ua 4500 | ||
|---|---|---|---|
| 041 |
_aeng _h |
||
| 082 |
_a823.308 _bMED/ST |
||
| 100 | _aMadavdev, Dritty . | ||
| 245 |
_aStowt Hearts / _cMadhavdev. _hTextual Documents |
||
| 260 |
_aMoscow : _bForeign Language Publishing House , _c1960. |
||
| 300 | _a237 ; . | ||
| 504 | _a | ||
| 942 | _cBK | ||
| 999 |
_c12480 _d12480 |
||